01208 a2200193 4500003000500000005001700005010001600022020001500038040000900053082001400062100002100076245005700097250001200154260003500166300003300201505073500234650002900969650001600998NUST20221123132803.0 a 73013896 a0070105251 cNust00a519.5,CHA1 aChao, Lincoln L.10aStatistics: methods and analyses /cLincoln L. Chao. a2nd ed. aNew York,bMcGraw-Hillc[1974] axii, 556 p.:billus.c24 cm. aOrientation (Page-1), Sets and Functions (Page-11), Counting Rules and Probabilities (Page-33), Probability Rules and Distributions (Page-51), Measuring of Central Tendency (Page-75), Measure of Dispersion (Page-104), Random Sampling and Sampling Distribution (Page-124), Discrete Probability Distributions (Page-147), The Normal Distribution (Page-173), Statistical Inference Estimation (Page-199), Statistical Inference Hypothesis Testing (Page-221), The Student’s Distribution (Page-254), The Chi-Square Distribution(Page-276), The F Distribution (Page-302), Simple Regression and Correlation (Page-331), Time Series Analysis (Page-362), Utilities and Bayesian Decision Theory (Page-405), Non parametric Methods (Page-436).  0aMathematical statistics. 0aStatistics.